banner koha

Investigation of enteric viruses in the feces of neotropical migratory birds captured on the coast of the state of Pará, Brazil (Registro n. 254325)

MARC details
000 -LÍDER
campo de controle de tamanho fixo 01184nas a2200373 4500
001 - NÚMERO DE CONTROLE
campo de controle BR2018001266
003 - IDENTIFICADOR DO NÚMERO DE CONTROLE
campo de controle BR-BrBNA
005 - DATA E HORÁRIO DA ÚLTIMA TRANSAÇÃO
campo de controle 20231205131340.0
007 - CAMPO FIXO DE DESCRIÇÃO FÍSICA--INFORMAÇÃO GERAL
campo de controle de tamanho fixo ta
008 - CAMPO DE DADOS FIXOS--INFORMAÇÃO GERAL
campo de controle de tamanho fixo 230509b bl.|||p| |||| 00| 00por d
040 ## - FONTE DA CATALOGAÇÃO
Instituição da catalogação original BR-BrBNA
Idioma da catalogação por
Instituição que transcreveu o registro Biblioteca Nacional de Agricultura
041 ## - CÓDIGO DE IDIOMA
Código do idioma do texto/trilha sonora ou título diferente (En)
072 ## - CÓDIGO DE CATEGORIA DE ASSUNTO
Código de Categoria de Assunto L73
100 1# - ENTRADA PRINCIPAL--NOME PESSOAL
Nome pessoal Guerreiro, A.N.
100 1# - ENTRADA PRINCIPAL--NOME PESSOAL
Nome pessoal Moraes, C.C.G.
100 1# - ENTRADA PRINCIPAL--NOME PESSOAL
Nome pessoal Marinho, A.N.R.
100 1# - ENTRADA PRINCIPAL--NOME PESSOAL
Nome pessoal Barros, B.C.V.
100 1# - ENTRADA PRINCIPAL--NOME PESSOAL
Nome pessoal Bezerra, D.A.M.
100 1# - ENTRADA PRINCIPAL--NOME PESSOAL
Nome pessoal Bandeira, R.S.
100 1# - ENTRADA PRINCIPAL--NOME PESSOAL
Nome pessoal Silva, R.R.
100 1# - ENTRADA PRINCIPAL--NOME PESSOAL
Nome pessoal Rocha, D.C.C.
100 1# - ENTRADA PRINCIPAL--NOME PESSOAL
Nome pessoal Menezes, A.M.C.
100 1# - ENTRADA PRINCIPAL--NOME PESSOAL
Nome pessoal Luz, M.A.
100 1# - ENTRADA PRINCIPAL--NOME PESSOAL
Nome pessoal Paz, G.S.
100 1# - ENTRADA PRINCIPAL--NOME PESSOAL
Nome pessoal Mascarenhas, J.D.P.
245 1# - TÍTULO
Título Investigation of enteric viruses in the feces of neotropical migratory birds captured on the coast of the state of Pará, Brazil
650 ## - ASSUNTO--TERMO TÓPICO
Cabeçalho tópico ou nome geográfico AVE SELVAGEM
650 ## - ASSUNTO--TERMO TÓPICO
Cabeçalho tópico ou nome geográfico ROTAVIRUS
650 ## - ASSUNTO--TERMO TÓPICO
Cabeçalho tópico ou nome geográfico ZOONOSE
773 0# - ENTRADA ANALÍTICA
Título Brazilian Journal of Poultry Science (Brazil)
ISSN - International Standard Serial Number ISSN 1806-9061
Partes relacionadas (Jan-Mar 2018), v. 20(1) p. 161-168
Número de controle do registro BR2018001266
856 40 - LOCALIZAÇÃO ELETRÔNICA E ACESSO
Uniform Resource Identifier <a href="http://www.scielo.br/pdf/rbca/v20n1/1516-635X-rbca-20-01-00161.pdf">http://www.scielo.br/pdf/rbca/v20n1/1516-635X-rbca-20-01-00161.pdf</a>
909 ## -
-- 202311
-- Lúcia
-- 55
-- Lúcia Elande
942 ## - ELEMENTOS DE ENTRADA ADICIONADOS (KOHA)
Fonte da classificação ou esquema de arquivamento na estante Classificação AGRIS
Ocultar no OPAC Não
Tipo de material Koha Analítica
Exemplares
Situação do descarte Fonte da classificação ou esquema de arquivamento na estante Situação física Não pode ser emprestado Biblioteca de origem Biblioteca atual Localização na estante Enumeração do periódico / cronologia Total de empréstimos Data de último acesso Número do exemplar Tipo de material Koha Fonte de aquisição
  Classificação AGRIS   Consulta local Biblioteca Nacional de Agricultura - Binagri Biblioteca Nacional de Agricultura - Binagri   (Jan-Mar 2018), v. 20(1) p. 161-168   29/11/2023 01 Periódicos Portaria Interministerial nº 164/94

BINAGRI

Telefone: (61)3218-2567/2388/3357/2097 - binagri@agro.gov.br

Ministério da Agricultura e Pecuária , Esplanada dos Ministérios, Bloco D, Anexo B, Brasília/DF, CEP: 70.043-900